El síndrome coledociano fisiopatología-diagnóstico (Record no. 93681)

MARC details
000 -LEADER
campo de control de longitud fija 00508nam a2200145 i 4500
001 - NÚMERO DE CONTROL
campo de control 93681
003 - IDENTIFICADOR DE NÚMERO DE CONTROL
campo de control ES-MaACL
007 - CAMPO FIJO DE DESCRIPCIÓN FÍSICA--INFORMACIÓN GENERAL
campo de control de longitud fija t|
008 - DATOS DE LONGITUD FIJA--INFORMACIÓN GENERAL
campo de control de longitud fija 050418s1943 ag ||||1| spa d
100 1# - ENTRADA PRINCIPAL--NOMBRE DE PERSONA
Nombre de persona López García, Andrés.
9 (RLIN) 73656
245 13 - MENCIÓN DEL TÍTULO
Título El síndrome coledociano fisiopatología-diagnóstico
Resto del título : trabajo de la 1ª cátedra de Clínica Médica /
Mención de responsabilidad, etc. Andrés López García.
260 ## - PUBLICACIÓN, DISTRIBUCIÓN, ETC.
Lugar de publicación, distribución, etc. Buenos Aires :
Nombre del editor, distribuidor, etc. Lib. Hachette,
Fecha de publicación, distribución, etc. 1943.
300 ## - DESCRIPCIÓN FÍSICA
Extensión 327 p. :
Otras características físicas 1 lám., il. ;
Dimensiones 23 cm.
852 ## - LOCALIZACIÓN
Ubicación ES-MaACL
Número de control de estantería E-845
Sublocalización o colección R.20619
Holdings
Estatus retirado Estado de pérdida Estado de daño No para préstamo Biblioteca de origen Biblioteca actual Ubicación en estantería Fecha de adquisición Fuente de adquisición Total de préstamos Signatura topográfica completa Código de barras Visto por última vez Precio de reemplazo Tipo de ítem Koha
        Biblioteca del Ateneo de Madrid Biblioteca del Ateneo de Madrid Depósito 2 17/01/2008     E-845 1097829 23/02/2023 23/02/2023 Libro impreso